[Event "Kishinev Cup"]
[Site "Kishinev"]
[Date "2012.08.04"]
[Round "6"]
[White "Colbasiuc, Anatolii"]
[Black "Ianocichin, Nicolai"]
[Result "1/2-1/2"]
[WhiteElo "2229"]
[BlackElo "2273"]
[PlyCount "80"]
[EventDate "2012.08.01"]
[EventType "tourn"]
[EventRounds "9"]
[EventCountry "MDA"]
[SourceTitle "EXT 2024"]
[Source "ChessBase"]
[SourceDate "2023.10.10"]
[SourceVersion "1"]
[SourceVersionDate "2023.10.10"]
[SourceQuality "1"]

1. e4 e5 2. Nf3 Nf6 3. Nxe5 d6 4. Nf3 Nxe4 5. Qe2 Qe7 6. d3 Nf6 7. Qxe7+ Bxe7 8. Be2 0-0 9. 0-0 c6 10. Nc3 Na6 11. a3 Nc7 12. h3 h6 13. Bd2 Bf5 14. Rfe1 Rfe8 15. Bf1 Nfd5 16. Nxd5 Nxd5 17. Rac1 Bf6 18. Rxe8+ Rxe8 19. c3 g5 20. g4 Bg6 21. Re1 Rxe1 22. Nxe1 Kf8 23. Ng2 Be5 24. d4 Bg7 25. f4 gxf4 26. Nxf4 Nxf4 27. Bxf4 Ke7 28. Kf2 Bc2 29. Ke3 f5 30. Bd3 Bxd3 31. Kxd3 fxg4 32. hxg4 Ke6 33. Ke4 d5+ 34. Kf3 Kf7 35. Bb8 a6 36. Bf4 Kg6 37. Kg3 Bf6 38. Kf3 h5 39. gxh5+ Kxh5 40. Bc1 Bg5 1/2-1/2

[Event "Kishinev Cup"]
[Site "Kishinev"]
[Date "2012.08.04"]
[Round "5"]
[White "Ianocichin, Nicolai"]
[Black "Nevednichy, Boris M"]
[Result "0-1"]
[WhiteElo "2273"]
[BlackElo "2228"]
[PlyCount "92"]
[EventDate "2012.08.01"]
[EventType "tourn"]
[EventRounds "9"]
[EventCountry "MDA"]
[SourceTitle "EXT 2024"]
[Source "ChessBase"]
[SourceDate "2023.10.10"]
[SourceVersion "1"]
[SourceVersionDate "2023.10.10"]
[SourceQuality "1"]

1. e4 c5 2. Nf3 e6 3. d4 cxd4 4. Nxd4 a6 5. Be3 Nf6 6. Bd3 d6 7. Qe2 b5 8. a4 b4 9. f4 Bb7 10. Nd2 Nbd7 11. 0-0 h5 12. Bf2 e5 13. N4f3 Ng4 14. fxe5 Nxf2 15. Rxf2 dxe5 16. Rff1 Be7 17. Bc4 0-0 18. Nb3 Qc7 19. a5 Nc5 20. Nxc5 Qxc5+ 21. Kh1 g6 22. b3 Kg7 23. Rad1 Rad8 24. Bd5 Bxd5 25. exd5 Bd6 26. Qxa6 Ra8 27. Qd3 Qxa5 28. Nd2 f5 29. Nc4 Qc5 30. Qe3 Qxe3 31. Nxe3 Ra2 32. Nc4 Rd8 33. Ra1 Rxa1 34. Rxa1 Bc5 35. Nxe5 Rxd5 36. Nd3 Bd6 37. g3 Rd4 38. Kg2 h4 39. Rf1 Kf6 40. Kf3 g5 41. gxh4 Rxh4 42. Rf2 Bxh2 43. Re2 Bd6 44. Nf2 g4+ 45. Kg2 f4 46. Ne4+ Kg6 0-1

[Event "Kishinev Cup"]
[Site "Kishinev"]
[Date "2012.08.02"]
[Round "3"]
[White "Ianocichin, Nicolai"]
[Black "Bodnar, Nikolay"]
[Result "0-1"]
[WhiteElo "2273"]
[BlackElo "2433"]
[PlyCount "60"]
[EventDate "2012.08.01"]
[EventType "tourn"]
[EventRounds "9"]
[EventCountry "MDA"]
[SourceTitle "EXT 2024"]
[Source "ChessBase"]
[SourceDate "2023.10.10"]
[SourceVersion "1"]
[SourceVersionDate "2023.10.10"]
[SourceQuality "1"]

1. e4 c5 2. Nf3 Nc6 3. d4 cxd4 4. Nxd4 Qc7 5. Nc3 e6 6. a3 a6 7. Be3 b5 8. Be2 Bb7 9. 0-0 Nf6 10. Nxc6 Bxc6 11. Bd3 Qb7 12. f3 d6 13. Qe2 Be7 14. Bd2 0-0 15. f4 Nd7 16. f5 Ne5 17. Qh5 Bf6 18. Kh1 a5 19. fxe6 fxe6 20. Qh3 Rfe8 21. Rae1 Nxd3 22. cxd3 b4 23. axb4 axb4 24. Rxf6 bxc3 25. Bxc3 gxf6 26. Bxf6 Qf7 27. e5 dxe5 28. Bxe5 Rf8 29. Rg1 Qf5 30. Qg3+ Qg6 0-1

[Event "Kishinev Cup"]
[Site "Kishinev"]
[Date "2012.08.02"]
[Round "2"]
[White "Ianocichin, Victor"]
[Black "Ianocichin, Nicolai"]
[Result "1-0"]
[WhiteElo "2170"]
[BlackElo "2273"]
[PlyCount "53"]
[EventDate "2012.08.01"]
[EventType "tourn"]
[EventRounds "9"]
[EventCountry "MDA"]
[SourceTitle "EXT 2024"]
[Source "ChessBase"]
[SourceDate "2023.10.10"]
[SourceVersion "1"]
[SourceVersionDate "2023.10.10"]
[SourceQuality "1"]

1. e4 c5 2. Nf3 e6 3. b3 Nc6 4. Bb2 Nf6 5. e5 Nd5 6. c4 Nf4 7. Nc3 d5 8. exd6 Qxd6 9. d3 Nb4 10. d4 cxd4 11. Nb5 Qc6 12. Bxd4 a6 13. Nc3 Qd7 14. Na4 Qc6 15. Nc3 Qc7 16. Be5 Qa5 17. Bxf4 Qf5 18. Bc7 Nc2+ 19. Ke2 Bd7 20. Rc1 Nb4 21. Ne5 Bc6 22. g4 Qf4 23. Nxc6 Qxc7 24. Nxb4 Bxb4 25. Qd4 0-0 26. Bg2 Rad8 27. Qe3 1-0

[Event "Tiraspol Lutikov Memorial"]
[Site "Tiraspol"]
[Date "2007.03.26"]
[Round "5"]
[White "Zatorsky, Danylo"]
[Black "Ianocichin, Nicolai"]
[Result "1/2-1/2"]
[WhiteElo "2176"]
[BlackElo "2301"]
[PlyCount "35"]
[EventDate "2007.03.23"]
[EventType "tourn"]
[EventRounds "9"]
[EventCountry "MDA"]
[EventCategory "1"]
[SourceTitle "EXT 2010"]
[Source "ChessBase"]
[SourceDate "2010.11.25"]
[SourceVersion "1"]
[SourceVersionDate "2010.11.25"]
[SourceQuality "1"]

1. e4 e5 2. Nf3 Nc6 3. Nc3 Nf6 4. Bb5 Nd4 5. Nxd4 exd4 6. e5 dxc3 7. exf6 Qxf6 8. dxc3 Qe5+ 9. Qe2 Qxe2+ 10. Bxe2 Bc5 11. Bf4 Bb6 12. a4 a5 13. 0-0 0-0 14. Bf3 d6 15. Rfe1 Rb8 16. g4 Be6 17. Kg2 Bc5 18. h4 1/2-1/2

[Event "Tiraspol Lutikov Memorial"]
[Site "Tiraspol"]
[Date "2007.03.25"]
[Round "4"]
[White "Ianocichin, Nicolai"]
[Black "Martemianov, Iaroslav"]
[Result "0-1"]
[WhiteElo "2301"]
[BlackElo "2271"]
[PlyCount "90"]
[EventDate "2007.03.23"]
[EventType "tourn"]
[EventRounds "9"]
[EventCountry "MDA"]
[EventCategory "1"]
[SourceTitle "EXT 2010"]
[Source "ChessBase"]
[SourceDate "2010.11.25"]
[SourceVersion "1"]
[SourceVersionDate "2010.11.25"]
[SourceQuality "1"]

1. e4 c5 2. Nf3 a6 3. d4 cxd4 4. Nxd4 Nf6 5. Nc3 e5 6. Nf3 Bb4 7. Bd3 d5 8. Nd2 Bxc3 9. bxc3 dxe4 10. Nxe4 Nxe4 11. Bxe4 Qxd1+ 12. Kxd1 0-0 13. g3 Nc6 14. Be3 Be6 15. Bb6 f5 16. Bxc6 bxc6 17. Re1 e4 18. a4 Bd5 19. a5 f4 20. c4 Bxc4 21. Rxe4 Bd5 22. Rxf4 Rxf4 23. gxf4 Re8 24. Kd2 Re4 25. Be3 Kf7 26. c3 Re6 27. Rg1 Rh6 28. Rb1 Rxh2 29. Rb6 h5 30. Rxa6 h4 31. Ra7+ Kg6 32. Bd4 h3 33. Rxg7+ Kh6 34. Rg1 Rg2 35. Rxg2 Bxg2 36. Bc5 h2 37. a6 h1Q 38. a7 Qa1 39. Kd3 Qa6+ 40. Kd4 Kg6 41. Ke5 Bh3 42. Kd6 Bc8 43. Ke5 Qa2 44. f5+ Bxf5 45. Kd6 Bc8 0-1

[Event "Tiraspol Lutikov Memorial"]
[Site "Tiraspol"]
[Date "2007.03.23"]
[Round "1"]
[White "Ianocichin, Nicolai"]
[Black "Romcovici, Victor"]
[Result "1-0"]
[WhiteElo "2301"]
[BlackElo "2288"]
[PlyCount "45"]
[EventDate "2007.03.23"]
[EventType "tourn"]
[EventRounds "9"]
[EventCountry "MDA"]
[EventCategory "1"]
[SourceTitle "EXT 2010"]
[Source "ChessBase"]
[SourceDate "2010.11.25"]
[SourceVersion "1"]
[SourceVersionDate "2010.11.25"]
[SourceQuality "1"]

1. e4 c5 2. Nf3 e6 3. d4 cxd4 4. Nxd4 a6 5. Nc3 Qc7 6. Be3 Bb4 7. Qd3 Nf6 8. f3 Nc6 9. Nxc6 bxc6 10. a3 Be7 11. Be2 d5 12. 0-0 0-0 13. f4 Rb8 14. Rab1 Rd8 15. e5 Nd7 16. Qd1 c5 17. Bf2 f6 18. Bh4 Nf8 19. exf6 gxf6 20. f5 d4 21. Ne4 Qe5 22. Bd3 c4 23. Bg3 1-0

[Event "Centrocoop June op-B"]
[Site "Eforie Nord"]
[Date "1998.??.??"]
[Round "?"]
[White "Ianocichin, Nicolai"]
[Black "Kabanova, Irina"]
[Result "0-1"]
[WhiteElo "1750"]
[BlackElo "1650"]
[PlyCount "62"]
[EventDate "1998.06.??"]
[EventType "swiss"]
[EventRounds "11"]
[EventCountry "ROU"]
[SourceTitle "EXT 2000"]
[Source "ChessBase"]
[SourceDate "1999.11.16"]
[SourceVersion "1"]
[SourceVersionDate "1999.11.16"]
[SourceQuality "1"]

1. e4 c5 2. c3 e6 3. d4 d5 4. exd5 Qxd5 5. Nf3 Nf6 6. Na3 Be7 7. Bc4 Qd8 8. 0-0 0-0 9. dxc5 Bxc5 10. Qxd8 Rxd8 11. b4 Be7 12. Nb5 Na6 13. Be3 Ne4 14. Bxa7 Bd7 15. Bd4 Rdc8 16. Bd3 Bxb5 17. Rfd1 Bxd3 18. Rxd3 Bf6 19. Bxf6 Nxf6 20. Ne5 Kf8 21. a4 Ke7 22. g4 Rd8 23. Rad1 Rxd3 24. Rxd3 h6 25. a5 Nb8 26. f3 Nbd7 27. Nc4 Nd5 28. f4 Rc8 29. Ne5 Nxe5 30. fxe5 Rxc3 31. Rd4 Rb3 0-1

[Event "Centrocoop June op-B"]
[Site "Eforie Nord"]
[Date "1998.??.??"]
[Round "?"]
[White "Ianocichin, Nicolai"]
[Black "Prociuc, Evgenii"]
[Result "0-1"]
[WhiteElo "1750"]
[BlackElo "1650"]
[PlyCount "122"]
[EventDate "1998.06.??"]
[EventType "swiss"]
[EventRounds "11"]
[EventCountry "ROU"]
[SourceTitle "EXT 2000"]
[Source "ChessBase"]
[SourceDate "1999.11.16"]
[SourceVersion "1"]
[SourceVersionDate "1999.11.16"]
[SourceQuality "1"]

1. e4 Nf6 2. e5 Nd5 3. d4 d6 4. c4 Nb6 5. Nf3 Nc6 6. exd6 cxd6 7. d5 Ne5 8. Nxe5 dxe5 9. Be2 e6 10. Nc3 Bb4 11. a3 Bxc3+ 12. bxc3 exd5 13. c5 Nd7 14. Qxd5 Qa5 15. Bd2 Qxc5 16. Qb3 0-0 17. 0-0 Nb6 18. Be3 Qd5 19. c4 Qc6 20. c5 Be6 21. Qb2 Nc4 22. Bxc4 Bxc4 23. Rfc1 Bd5 24. f3 Qg6 25. Qf2 Rfe8 26. Rd1 Rad8 27. Rd2 Bc6 28. Kh1 Rd3 29. Qe2 Red8 30. Rad1 Bb5 31. Rxd3 Rxd3 32. Rxd3 Qxd3 33. Qxd3 Bxd3 34. Kg1 f5 35. g3 e4 36. fxe4 fxe4 37. c6 bxc6 38. Bxa7 Kf7 39. Kf2 Ke6 40. Bd4 g6 41. g4 Kd5 42. Bf6 Kc4 43. Be7 Kd4 44. Bf6+ Kc4 45. Be7 c5 46. Ke3 Kb5 47. h4 c4 48. Kd2 Ka4 49. Bb4 Kb3 50. Kc1 e3 51. Bc5 e2 52. Bf2 Kxa3 53. Kd2 Kb3 54. Kc1 c3 55. Be1 Kc4 56. Bf2 Be4 57. h5 Kd5 58. hxg6 Bxg6 59. Be1 Kd4 60. g5 Ke3 61. Bxc3 Kf2 0-1

[Event "Deva tt"]
[Site "Deva"]
[Date "1998.??.??"]
[Round "1"]
[White "Ianocichin, Nicolai"]
[Black "Urcan, Olimpiu"]
[Result "0-1"]
[WhiteElo "1700"]
[BlackElo "2160"]
[PlyCount "108"]
[EventDate "1998.07.??"]
[EventType "team"]
[EventRounds "9"]
[EventCountry "ROU"]
[SourceTitle "EXT 2004"]
[Source "ChessBase"]
[SourceDate "2003.11.25"]
[SourceVersion "1"]
[SourceVersionDate "2003.11.25"]
[SourceQuality "1"]

1. e4 c6 2. Nf3 d5 3. Nc3 dxe4 4. Nxe4 Bf5 5. Ng3 Bg6 6. h4 h6 7. h5 Bh7 8. d4 e6 9. Bd3 Bxd3 10. Qxd3 Nf6 11. Bd2 Nbd7 12. 0-0-0 Qc7 13. c4 0-0-0 14. Qe2 Bd6 15. Ne4 Nxe4 16. Qxe4 Nf6 17. Qe2 c5 18. Kb1 Rhe8 19. Bc3 Qc6 20. Rh4 b6 21. g3 Kb7 22. dxc5 Bxc5 23. Rxd8 Rxd8 24. b4 Be7 25. b5 Qc5 26. Rh1 Qf5+ 27. Kb2 Rd3 28. Nd4 Qe4 29. Qxe4+ Nxe4 30. Nc6 Ba3+ 31. Kxa3 Rxc3+ 32. Kb2 Rxc4 33. Rd1 Nc5 34. Nd8+ Kc7 35. a3 Re4 36. Rd2 f6 37. Nc6 a5 38. Rc2 Na4+ 39. Ka2 Re2 40. Rxe2 Nc3+ 41. Kb2 Nxe2 42. Kc2 Ng1 43. Nd4 Kd6 44. Kd3 Nh3 45. Ke3 Ng5 46. f4 Nf7 47. g4 Nd8 48. Ke4 Nb7 49. f5 Nc5+ 50. Ke3 e5 51. Ne2 Kd5 52. Nc3+ Kc4 53. Ne4 Nxe4 54. Kxe4 a4 0-1